000 00272nam a2200109Ia 4500
003 GCL
008 140319s9999 xx 000 0 eng d
040 _aGCL /
_cGCL
082 0 4 _a341.409
_bD B
245 1 0 _aBORDER AND TERRLTORID DISPUTES
260 _a[S.N] :
_bLONGMAN ،
_c1987
999 _c17019
_d17019